GEO:connexion UK (Record no. 118990)

MARC details
000 -LEADER
fixed length control field 00516cas a22001935a 4500
001 - CONTROL NUMBER
control field L138498
008 - FIXED-LENGTH DATA ELEMENTS--GENERAL INFORMATION
fixed length control field 070613d2004 xxkmr p 0 a0eng u
022 1# - INTERNATIONAL STANDARD SERIAL NUMBER
International Standard Serial Number 1476-8941
035 ## - SYSTEM CONTROL NUMBER
System control number (Sirsi) u138498
041 0# - LANGUAGE CODE
Language code of text/sound track or separate title eng
240 ## - UNIFORM TITLE
Uniform title GEO connexion UK
245 00 - TITLE STATEMENT
Title GEO:connexion UK
260 ## - PUBLICATION, DISTRIBUTION, ETC.
Place of publication, distribution, etc. Godmanchester
Name of publisher, distributor, etc. Geo:connexion
Date of publication, distribution, etc. 2004
362 0# - DATES OF PUBLICATION AND/OR SEQUENTIAL DESIGNATION
Dates of publication and/or sequential designation 1(4) June 2004-5(2) April/May 2007
554 ## -
-- 10 per year
651 #4 - SUBJECT ADDED ENTRY--GEOGRAPHIC NAME
Geographic name United Kingdom
Chronological subdivision
690 ## - LOCAL SUBJECT ADDED ENTRY--TOPICAL TERM (OCLC, RLIN)
Topical term or geographic name as entry element ENVIRONMENTAL AND LAND CONSULTANCY-GEOMATICS
942 ## - ADDED ENTRY ELEMENTS (KOHA)
Suppress in OPAC 0
Holdings
Withdrawn status Lost status Source of classification or shelving scheme Damaged status Not for loan Home library Current library Shelving location Date acquired Total Checkouts Full call number Barcode Date last seen Price effective from Koha item type
    Dewey Decimal Classification     London London Gallery 13/06/2007   GEO:CONNEXION UK 138498-1001 06/08/2019 06/08/2019 Journal